00624 2200193 4500001002100000005001500021035002000036007000300056008003900059082001500098084002100113100001600134245015800150260003700308300004000345650001100385650002100396022001300417INLIS00000000000138120250630085417 a0010-0625000023ta250630 | | |  a633.7-5982 a633.7-5982 HAR f0 aHariyati, Y1 aFarmers’ contributions in the establishment of value-added from holistic cocoa processing: A case study in Trenggalek Regency, East Java /cHariyati, Y aBristol :bIOP Publishing,c2022 a1-8 hlm, :bIlus ;c21 cm x 29,7 cm 4aJurnal 4aPengolahan Kakao a17551315